000 01173nam a22002777a 4500
001 BD-DhSAU 9437
003 BD-DhSAU
005 20190804102642.0
008 150613b2013 bg a|||| m||| 00| 0 eng d
040 _aBD-DhSAU
082 _222
_a630.715
_bAh11
100 _aAhaduzzaman, Md.
_eRegistration # 06-02118
245 _aUse of vegetable cultivation technologies by the farmers /
_bMS thesis
_cMd. Ahaduzzaman
260 _aSher-e-Bangla Agricultural University :
_bDepartment of Agricultural Extension & Information System,
_c2013.
300 _avii, 69 p. :
_bill. ;
_c30 cm.
500 _aMS thesis of Department of Agricultural Extension & Information System, Faculty of Agriculture, Sher-e-Bangla Agricultural University, Dhaka, Bangladesh
504 _aIncludes bibliographical reference.
590 _aJerin
650 _aAgricultural Extension & Information System
650 _avegetable cultivation
650 _avegetable cultivation technology
700 _aIslam, Md. Rafiquel
_eSuperviser
700 _aUlla, Md. Shadat
_eCo-superviser
856 _uhttp://10.10.0.126:8080/xmlui/handle/123456789/2549
942 _2ddc
_cTHESIS
999 _c9437
_d9437